| 000 | 00590nam a2200181 a 4500 | ||
|---|---|---|---|
| 005 | 20231013063556.0 | ||
| 008 | 991125s1923 mx 000 0 spa u | ||
| 035 | _aUPN01000013140 | ||
| 049 | _aLT | ||
| 050 | 4 |
_aLB1583 M6 _bCh3.4 |
|
| 100 | 1 |
_aChávez, Ezequiel Adeodato, _d1868-1946 |
|
| 245 | 1 | 0 |
_aCurso de geografía elemental de la República Mexicana / _cEzequiel A. Chávez |
| 260 |
_aMéxico$aParís; : _bVda. de Ch. Bouret, _c1923 |
||
| 300 |
_a146 p. : _bil. (algunas co |
||
| 650 | 4 |
_aGeografía _xEstudio y enseñanza (Elemental) _92801 |
|
| 904 |
_aAC _b013141 |
||
| 905 | _aLibro | ||
| 999 |
_c13140 _d13140 |
||